Detekcia anomálií z webserverových logov

Enregistré dans:
Détails bibliographiques
Auteur principal: Svorka, Ján (Auteur)
Autres auteurs: Hudec, Ladislav (Directeur de thèse)
Format: Manuscrit Livre
Langue:slovaque
Publié: 2025
Sujets:
Accès en ligne:http://is.stuba.sk/zp/portal_zp.pl?podrobnosti=155170
Tags: Ajouter un tag
Pas de tags, Soyez le premier à ajouter un tag!

MARC

LEADER 00000ntm a22000003a 4500
001 stuzp92392
003 SK-STU
005 20250614210319.9
007 ta
008 150427s2015----xo-----f-mn---000-0-slo-d
040 |a STU  |b slo 
041 0 |a slo 
100 1 |a Svorka, Ján  |u 070400  |4 aut  |U FIIT Fakulta informatiky a informačných technológií  |T FIIT Ústav počítačového inžinierstva a aplikovanej informatiky  |X 103140  |U I400  |Y 672  |7 103140 
242 0 1 |a Anomaly detection from web server logs  |y eng 
245 1 0 |a Detekcia anomálií z webserverových logov 
260 |c 2025 
650 4 |a machine learning models  |2 eng 
650 4 |a anomaly detection  |2 eng 
650 4 |a computer security  |2 eng 
650 4 |a web logs  |2 eng 
650 4 |a počítačová bezpečnosť  |2 slo 
650 4 |a webové logy  |2 slo 
650 4 |a modely strojového učenia  |2 slo 
650 4 |a detekcia anomálií  |2 slo 
700 1 |a Hudec, Ladislav  |u 070400  |k Z1  |4 ths  |U FIIT Fakulta informatiky a informačných technológií  |T FIIT Ústav počítačového inžinierstva a aplikovanej informatiky  |X 2081  |U I400  |Y 672  |7 2081 
856 4 |u http://is.stuba.sk/zp/portal_zp.pl?podrobnosti=155170